| 000 | 00419cam a2200181ua 4500 | ||
|---|---|---|---|
| 020 | _c2.00 | ||
| 041 |
_amal _h |
||
| 082 |
_a894.8124 _bCHU/CH |
||
| 100 | _aChummar, T M . | ||
| 245 |
_aChintha padham / _cT M Chummar. _hTextual Documents |
||
| 250 |
_a3 / _b. |
||
| 260 |
_aThrissur : _bCurrent Books , _c1962. |
||
| 300 | _a133 ; . | ||
| 365 | _a2.00 | ||
| 504 | _a | ||
| 942 | _cBK | ||
| 999 |
_c5790 _d5790 |
||